100 Biggest cities in Estonia - Statistics

General Stats
  • This quiz has been taken 89 times
  • The average score is 25 of 100
Answers on the Map
Answers color-coded by a green-red scale on the quiz's map according to % correct below.
 
Answer Stats
Population Answer % Correct
439,632 Tallinn
95%
53,539 Narva
88%
106,295 Tartu
88%
41,530 Pärnu
86%
13,111 Kuressaare
68%
17,789 Viljandi
64%
11,654 Võru
64%
11,067 Haapsalu
62%
11,854 Valga
58%
17,855 Rakvere
53%
6,102 Põlva
50%
7,940 Paide
48%
12,454 Sillamäe
48%
13,294 Maardu
47%
35,382 Pirita
45%
5,877 Jõgeva
44%
3,157 Kärdla
44%
10,769 Keila
44%
6,150 Rapla
44%
10,877 Jõhvi
41%
3,672 Paldiski
41%
5,405 Tapa
39%
6,464 Elva
38%
5,080 Türi
35%
2,531 Narva-Jõesuu
33%
1,834 Otepää
33%
4,312 Põltsamaa
33%
5,271 Saku
32%
6,338 Saue
32%
1,243 Lüganuse
30%
1,268 Lihula
27%
2,036 Mustvee
27%
11,142 Peetri
27%
7,151 Sindi
27%
16,191 Järve
26%
4,935 Jüri
26%
3,639 Kehra
26%
4,671 Kiviõli
26%
1,460 Antsla
24%
2,639 Loksa
24%
1,800 Kiili
23%
3,161 Märjamaa
23%
2,595 Räpina
23%
2,427 Tamsalu
23%
2,786 Tõrva
23%
1,216 Suure
21%
1,114 Abja-Paluoja
20%
2,958 Kunda
20%
1,391 Karksi-Nuia
17%
1,809 Kilingi-Nõmme
17%
3,658 Kohila
17%
1,272 | 2,222 Kose
17%
1,370 Kuusalu
17%
1,549 Nõo
17%
1,242 Pärnu-Jaagupi
17%
892 Kohtla-Nõmme
15%
1,023 Klooga
14%
2,202 Loo
14%
1,327 Võhma
14%
15,297 Ahtme
12%
2,493 Aruküla
12%
1,718 Ebavere
12%
985 Järva-Jaani
12%
2,285 Kadrina
12%
1,568 Laulasmaa
12%
1,512 Pajusti
12%
923 Rummu
12%
1,905 Vääna-Jõesuu
12%
1,070 Haljala
11%
1,156 Koeru
11%
2,236 Luige
11%
1,330 Raasiku
11%
909 Rakke
11%
901 Taebla
11%
2,208 Vändra
11%
1,187 Järvakandi
9%
921 Puhja
9%
3,075 Suurupi
9%
841 Alu
8%
855 Toila
8%
1,001 Turba
8%
1,180 Aseri
6%
1,224 Kehtna
6%
1,856 Lagedi
6%
886 Mustla
6%
996 Oru
6%
928 Vaida
6%
900 Vasalemma
6%
3,663 Ihaste
5%
958 Kõrveküla
5%
2,132 Aespa
3%
1,031 Haaslava
3%
996 Kose-Uuemõisa
3%
1,490 Metsanurme
3%
1,367 Tammiste
3%
1,133 Türisalu
3%
1,135 Leppneeme
2%
1,001 Uuesalu
2%
1,355 Viiratsi
2%
No matching quizzes found
Score Distribution
Percent of People with Each Score
Percentile by Number Answered
Your Score History
You have not taken this quiz